| 000 | 00687 a2200205 4500 | ||
|---|---|---|---|
| 020 | _a3642051634 | ||
| 020 | _a9783642051630 | ||
| 082 | _a515.352 | ||
| 090 |
_c1693 _d1693 |
||
| 100 | 1 | _aHairer, Ernst. | |
| 245 | 1 | 0 |
_aSolving ordinary differential equations I : _bnonstiff problems / _cErnst Hairer, Syvert P. Norsett, Gerhard Wanner. |
| 250 | _a2nd ed. 1993. Corr. 3rd printing 2009. | ||
| 260 |
_a[S.l.] : _bSpringer, _c2009. |
||
| 300 |
_a528 p. ; _c24 cm. |
||
| 490 | 1 | _aSpringer series in computational mathematics. | |
| 700 | 1 | _aNorsett, Syvert P. | |
| 700 | 1 | _aWanner, Gerhard. | |
| 830 | 0 | _aSpringer series in computational mathematics. | |
| 942 |
_aSNS _cBK _k515.352 HAI |
||
| 999 |
_c355817 _d355817 |
||